00717nam a2200241 a 4500001001300000003000900013005001700022008004100039020002300080082002100103100001600124245004000140260005000180300000900230500003500239505001000274650002300284700001600307902000800323942000700331952012200338999001500460nice12345678IN_TiNIC20260116013111.0070906s1990 cama grp 000 0 eng  a0521397006 c10000a322.109581bROY1 aRoy, Oliver aIslam and Resistance in Afghanistan aCambridge bCambridge University Press c1990 a270p aincludes index and biblioraphy2 aindex aIslam and Politics1 aRoy, Oliver bSRS cBK 001040708StackRoom-aHMIbHMId2007-09-06g100.00l0o322.109581 ROY1p015354r2007-09-06v100.00w2007-09-06yBK c9646d9646